Managing your practice (Record no. 25272)
[ view plain ]
| 000 -LEADER | |
|---|---|
| fixed length control field | 01461nam a22003494a 4500 |
| 082 04 - DEWEY DECIMAL CLASSIFICATION NUMBER | |
| Classification number | 362.1/73/068 |
| 245 00 - TITLE STATEMENT | |
| Title | Managing your practice |
| 260 ## - PUBLICATION, DISTRIBUTION, ETC. (IMPRINT) | |
| Place of publication | New York : |
| Name of publisher | Springer Pub. Co., |
| Year of publication | c2003. |
| 300 ## - PHYSICAL DESCRIPTION | |
| Number of Pages | xii, 236 p. : |
| Other physical details | ill. |
| 490 1# - SERIES STATEMENT | |
| Series statement | Springer series on nursing management and leadership |
| 650 #0 - SUBJECT ADDED ENTRY--TOPICAL TERM | |
| Topical Term | Nursing |
| Topical Term | Nursing services |
| Topical Term | Nursing services |
| 700 1# - ADDED ENTRY--PERSONAL NAME | |
| Personal name | Fitzpatrick, Joyce J., |
| Personal name | Glasgow, Ann. |
| Personal name | Young, Jane N. |
| 856 40 - ELECTRONIC LOCATION AND ACCESS | |
| Uniform Resource Identifier | http://site.ebrary.com/lib/rucke/Doc?id=10265617 |
No items available.
